| 000 | 00520nam a2200217Ia 4500 | ||
|---|---|---|---|
| 008 | 210210b2011 xxu||||| |||| 00| 0 eng d | ||
| 020 | _a9788127254513 | ||
| 041 | _aeng | ||
| 082 | _a332.1 GUPF | ||
| 100 | _aGUPTA (Shashi K) | ||
| 245 | _aFinancial institutions and markets | ||
| 260 |
_aLudhiana _bKalyani Publishers _c2011 |
||
| 300 | _a708 | ||
| 650 | _amarkets | ||
| 650 | _ainstitutions | ||
| 650 | _aFinancial | ||
| 650 | _aand | ||
| 690 | _aBanking | ||
| 700 | _aAGGARWAL (Nisha) | ||
| 906 | _a066572 | ||
| 999 |
_c148192 _d148192 |
||